000 00957nam a22003017a 4500
003 CHAP
005 20220329135530.0
008 971013s1964 r 00010 d
010 _a38110
011 _a39082
035 _a43202
040 _cCHAP
090 _aTesis
100 0 0 _aQuiroga Amenta, Irene.
_993486
245 _aContribución al estudio de la flora de Oaxtepec, Morelos y sus alrededores
260 _aMéxico, D. F. :
_bEl autor,
_c1964
300 _a47 h.
_b: ilus. ; grpáfs. ; mapas
502 _aTesis (Biólogo) -- UNAM. Facultad de Ciencias
590 _aALEPH
_b10
_c20130110
_lUCH01
_h1304
590 _aBATCH-UPD
_b10
_c20130110
_lUCH01
_h1842
590 _aBATCH-UPD
_b10
_c20130410
_lUCH01
_h1212
590 _aBATCH-UPD
_b10
_c20130914
_lUCH01
_h0731
590 _aCONVERSION
_b10
_c20130109
_lUCH01
_h1321
650 1 4 _aBotánica
_xMorelos.
_914594
901 _aBK
942 _cTESIS
949 _bBC
_cTES
_d-99156
_eTS1
_i43202
_si
999 _c38110
_d38110